MESTSKÁ KNIŽNICA GIRALTOVCE  - online katalóg 

Raz a navždy (Record no. 23318)

000 -NÁVESTIE
fixed length control field 01138cam a2200361 a 4500
001 - EVIDENČNÉ ČÍSLO ZÁZNAMU - Kontrolné číslo
control field vtls000589065
005 - DÁTUM A ČAS POSLEDNEJ TRANSAKCIE
control field 20220928134002.0
008 - ÚDAJE S PEVNOU DĹŽKOU – VŠEOBECNÉ INFORMÁCIE
fixed length control field 170714s2016 xo oa d n 000 f slo d
020 ## - MEDZINÁRODNÉ ŠTANDARDNÉ ČÍSLO KNIHY (ISBN)
Medzinárodné štandardné číslo knihy (ISBN) 9788089822096 (brož.)
035 ## - Iný štandardný identifikátor
Iný štandardný identifikátor a000589065
040 ## - ZDROJ KATALOGIZÁCIE
Pôvodná katalogizujúca agentúra PPPK
Jazyk katalogizácie slo
Prepisujúca agentúra UKB
Modifikujúca agentúra SNK
Konvencie popisu AACR2
041 1# - KÓD JAZYKA
Kód jazyka textu/zvukovej stopy alebo samostatných nápisov slo
Kód jazyka originálu a/alebo sprostredkujúcich prekladov textu eng
044 ## - KÓD KRAJINY VYDAVATEĽA/PRODUCENTA
Kód krajiny MARC xo
Kód krajiny ISO SK
072 #7 - KÓD PREDMETOVEJ KATEGÓRIE
Kód predmetovej kategórie 821.111(73)-3
Pododdiel kódu predmetovej kategórie Americká próza
Zdroj konspekt
080 ## - ČÍSLO MEDZINÁRODNÉHO DESATINNÉHO TRIEDENIA (MDT)
Číslo Medzinárodného desatinného triedenia (MDT) 821.111(73)-31
Identifikátor vydania 2004
080 ## - ČÍSLO MEDZINÁRODNÉHO DESATINNÉHO TRIEDENIA (MDT)
Číslo Medzinárodného desatinného triedenia (MDT) (0:82-312.4)
Identifikátor vydania 2004
100 1# - OSOBNÉ MENÁ – VŠEOBECNÉ INFORMÁCIE
Osobné meno Coble, Colleen
-- 3317
240 10 - UNIFIKOVANÝ NÁZOV
Unifikovaný názov Beyond a doubt.
Jazyk diela Slovensky
245 10 - NÁZOV
Názov Raz a navždy
Údaj o zodpovednosti atď. Colleen Cobleová ; [z anglického originálu preložila Eva Bubnášová]
250 ## - ÚDAJ O PORADÍ VYDANIA
Údaj o poradí vydania 1. vyd.
260 ## - VYDAVATEĽSKÉ ÚDAJE, DISTRIBÚCIA ATĎ.
Miesto publikovania, distribúcie atď. [Spišské Hanušovce]
Názov vydavateľa, distibútora atď. i527.net
Dátum publikovania, distribúcie atď. 2016
300 ## - FYZICKÝ POPIS
Rozsah 307 s.
Ďalšie fyzické detaily il.
490 1# - EDÍCIA
Edícia Rockharborské mystérium
Zväzok/sekvenčné označenie 2
500 ## - VŠEOBECNÁ POZNÁMKA
Formátovaná poznámka o obsahu Miesto vydania podľa ISBN
653 ## - INDEXAČNÝ TERMÍN – VOĽNÉ INDEXOVANIE
Neriadený termín 821.111(73)-31
653 ## - INDEXAČNÝ TERMÍN – VOĽNÉ INDEXOVANIE
Neriadený termín (0:82-312.4)
655 #7 - INDEXAČNÝ TERMÍN – ŽÁNER/FORMA
Údaje o žánri/forme alebo termín, ktorý je prvok fazety americké romány
Zdroj termínu UKBPH
-- 2
655 #7 - INDEXAČNÝ TERMÍN – ŽÁNER/FORMA
Údaje o žánri/forme alebo termín, ktorý je prvok fazety detektívne romány
Zdroj termínu UKBPH
-- 1710
700 1# - PRIDANÝ VSTUP – OSOBNÉ MENO
Osobné meno Bubnášová, Eva,
Dátumy súvisiace s menom 1985-
Kód roly trl
-- 3314
958 ## - Formálny deskriptor
Formálny deskriptor LX
958 ## - Formálny deskriptor
Formálny deskriptor UP
Holdings
Stav stiahnutia (Blokovanie) (Withrawn status) Stav straty Zdroj klasifikácie pre skladovanie Stav poškodenia (Damaged status) Nie pre výpožičky (Not for loan) Spôsob nadobudnutia (Collection code) Trvalé umiestnenie Aktuálne umiestnenie Dátum nadobudnutia Náklady, bežná kúpna cena Inventárne číslo (prírastkové číslo) Celkom výpožičky Celkom prolongácie (predĺženia) Full call number Čiarový kód Dátum posledného výskytu Dátum poslednej výpôžičky Cena s účinnosťou od Typ jednotky Koha
          Kúpa Mestská knižnica Giraltovce Mestská knižnica Giraltovce 2022-09-28 3.00 21651 3 1 B10499 B10499 2023-09-22 2023-02-16 2022-09-28 Krásna literatúra pre dospelých

Powered by Koha